Del iluminismo a nuestros días : (Registro nro. 22018)

Detalles MARC
000 -Cabecera
Campo de control interno 00817nam a2200241Ia 4500
005 - Fecha y hora del registro
control field 20260320113334.0
008 - Elementos de Longitud Fija
fixed length control field 260320s9999||||xx |||||||||||||| ||und||
041 ## - Idioma
Codigo Idioma ESP
082 ## - DEWEY y NOTACIÓN INTERNA
Dewey 261.51
Notación Interna L536
100 ## - AUTOR
Autor denominación Leocata, Francisco,
Término de relación autor
245 #0 - TÍTULO DE MATERIAL BIBLIOGRÁFICO
Título Del iluminismo a nuestros días :
Título paralelo síntesis de las ideas filosóficas en su relación con el cristianismo
246 ## - TÍTULO TRADUCIDO
Título
Título paralelo
Autor
260 ## - CIUDAD, EDITORIAL, AÑO
Ciudad Argentina :
Nombre de la Editorial Ediciones Don Bosco,
Año 1979
300 ## - DESCRIPCIÓN
N° Páginas 480 páginas :
Otros detalles
Dimensiones 18 cm.
Material Adicional
440 ## - MENCIÓN DE SERIE
Título de la Serie
Número de Serie
Volumen de Serie
650 ## - TEMAS
Temas Religión
653 ## - DESCRIPTORES
Lenguajes no controlado Ilustración; Cristianismo; Filosofía contemporánea
654 ## - PROGRAMAS
Programa Dpto. de Humanidades
700 ## - OTROS AUTORES
Otros autores
Títulos y otras palabras asociadas con el nombre
856 ## - URL - UBICACIÓN
URI/URL: Enlace exacto del recurso <a href="https://0u20fnknb-y-https-research-ebsco-com.itmsp.museknowledge.com/c/qxo6us/search">https://0u20fnknb-y-https-research-ebsco-com.itmsp.museknowledge.com/c/qxo6us/search</a>
Nota pública: Versión digital <a href="Véase además: Base de datos EBSCOhost">Véase además: Base de datos EBSCOhost</a>
942 ## - ELEMENTOS DE KOHA
Tipo de documento Libro
Nombre del creador Justo Noguera
Código de catalogador Margarita Torres
Esquema de clasificación Dewey Decimal Classification
Suppress in OPAC
Existencias
Codigo completo Registro Colección Copia número Disponibilidad Tipo de préstamo Biblioteca Actual Procedencia (Biblioteca) Ubicacón Fecha Ingreso Tipo de Adquisición Observación Date last seen Total checkouts Price effective from Tipo de Item Estado del Material Fuente de Clasificación Damaged status Withdrawn status
261.51 L536 1087128 Universidad Católica San Pablo 1 Disponible Disponible Víctor Andrés Belaunde Víctor Andrés Belaunde Planta baja cerrada 10/03/2026 Donación José Chávez 20/03/2026   20/03/2026 Libro Bueno Dewey Decimal Classification